000 00505nam a2200193Ia 4500
003 IIN
005 20250526122150.0
008 231217s9999 xx 000 0 und d
020 _cRs.1695.00
_a9789352704996
040 _aIIN
_bEnglish
082 _a615.1
_bTRI
100 1 _aTripathi, K. D.
245 1 _aEssentials of Medical Pharmacology/
_cK. D. Tripathi
250 _a8th ed
260 _bJaypee
_aNew Delhi
_c2019
300 _axx, 1122p.
650 1 _aPharmacology
_vMedical
942 _cBOOK
999 _c1210
_d1210